000
00324nam a22001337a 4500
008
160526b xxu||||| |||| 00| 0 eng d
020
_a
9780781771559
020
_a
9780781771559
020
_a
0781771552
041
_a
eng
080
_a
615
245
_a
Pharmacology:
_c
Richaed A. Harvey; Pamela C. hampe;
942
_2
udc
_c
BK
999
_c
2429
_d
2429